000 00310nam a22001337a 4500
008 170929b xxu||||| |||| 00| 0 eng d
020 _a9780205491223
041 _aeng
080 _a37
100 _a47
101 _aEDU
245 _aREADING AND RESPONDING IN THE MIDDLE GRADES
_cGALDA, L
942 _2udc
_cBK
999 _c30644
_d30644